Which DHMIS character said this? - Statistics

General Stats
  • This quiz has been taken 214 times
  • The average score is 9 of 15
Answer Stats
Quote Character who said it % Correct
What about my shredder? Duck
94%
Hehe, food is talking! Yellow Guy
86%
I am a file and you put documents in me. Red Guy
84%
YOU'RE NOT MY REAL SON! Lesley
65%
OK, stop. Warren
64%
Are you gonna publish my novel? Unemployed Brendon
59%
Great news! Colin the Computer
56%
Have you ever wondered why we're here? Shrignold
56%
Greedy, to eat all that! Steak
54%
Not them. Just you. Lily
51%
You can be anything you want to do, it's totally up to you. Briefcase
50%
How about a sandwich wrapped in a tissue? Tissue box
46%
Whoa there friend, you might need to slow down. Notepad
44%
Sorry about that. Coffin
36%
And me! Stain Edwards
29%
No matching quizzes found
Score Distribution
Percent of People with Each Score
Percentile by Number Answered
Your Score History
You have not taken this quiz